书目信息 |
| 题名: |
净水剂配方与制备
|
|
| 作者: | 李东光 主编 | |
| 分册: | ||
| 出版信息: | 北京 化学工业出版社 2017.3 |
|
| 页数: | 274页 | |
| 开本: | 21cm | |
| 丛书名: | ||
| 单 册: | ||
| 中图分类: | TU991.2 | |
| 科图分类: | ||
| 主题词: | 净水--水处理料剂--配方 , 净水--水处理料剂--制备 | |
| 电子资源: | ||
| ISBN: | 978-7-122-28088-6 | |
| 000 | 00924nam0 2200241 450 | |
| 001 | 0400002871 | |
| 005 | 20171021152249.0 | |
| 010 | @a978-7-122-28088-6@dCNY48.00 | |
| 100 | @a20170427e2017 em y0chiy50 ea | |
| 101 | 0 | @achi |
| 102 | @aCN@b110000 | |
| 105 | @ay z 000yy | |
| 106 | @ar | |
| 200 | 1 | @a净水剂配方与制备@9jing shui ji pei fang yu zhi bei@f李东光主编 |
| 210 | @a北京@c化学工业出版社@d2017.3 | |
| 215 | @a274页@d21cm | |
| 330 | @a本书精心收集和整理了200余种净水剂制备实例,主要包括保健活化净水剂、环保型纳米净水剂等民用净水剂,城市污水处理用高分子净水剂、生物净水剂等工业净水剂,封闭水体用复合净水剂、水产养殖净水剂等农用净水剂等,详细介绍了产品的配方、制备、应用技术等内容,实用性强。 | |
| 606 | 0 | @a净水@x水处理料剂@x配方 |
| 606 | 0 | @a净水@x水处理料剂@x制备 |
| 690 | @aTU991.2@v5 | |
| 701 | 0 | @a李东光@9li dong guang@4主编 |
| 801 | 0 | @aCN@b91MARC@c20171021 |
| 905 | @b1021523-7@dTU991.2@f5@e1019 | |
| 净水剂配方与制备/李东光主编.-北京:化学工业出版社,2017.3 |
| 274页;21cm |
| ISBN 978-7-122-28088-6:CNY48.00 |
| 本书精心收集和整理了200余种净水剂制备实例,主要包括保健活化净水剂、环保型纳米净水剂等民用净水剂,城市污水处理用高分子净水剂、生物净水剂等工业净水剂,封闭水体用复合净水剂、水产养殖净水剂等农用净水剂等,详细介绍了产品的配方、制备、应用技术等内容,实用性强。 |
| ● |
| 相关链接 |
|
|
|
|
正题名:净水剂配方与制备
索取号:TU991.2/1019
 
预约/预借
| 序号 | 登录号 | 条形码 | 馆藏地/架位号 | 状态 | 备注 |
| 1 | 1021523 | 210215239 | 第二样本阅览室/ [索取号:TU991.2/1019] | 在馆 | |
| 2 | 1021524 | 210215248 | 密集书库-生命科学系/ [索取号:TU991.2/1019] | 在馆 | |
| 3 | 1021525 | 210215257 | 第三借阅区/ [索取号:TU991.2/1019] | 在馆 | |
| 4 | 1021526 | 210215266 | 第三借阅区/ [索取号:TU991.2/1019] | 在馆 | |
| 5 | 1021527 | 210215275 | 第三借阅区/ [索取号:TU991.2/1019] | 在馆 |